| 000 | 00609cam a2200133 4500500 | ||
|---|---|---|---|
| 005 | 20251228063026.0 | ||
| 041 | _afre | ||
| 042 | _adc | ||
| 245 | 0 | 0 | _aDESCHEEMAEKER, Christian, La Cour des comptes. 3ème édition. Paris (France) : La Documentation Française (www.ladocfrancaise.g souv.fr), 2005. 204 p. € 19,00 |
| 260 | _c2005. | ||
| 500 | _a2 | ||
| 786 | 0 | _nRevue Internationale des Sciences Administratives | 71 | 3 | 2005-09-01 | p. 567f-571f | 0303-965X | |
| 856 | 4 | 1 | _uhttps://droit.cairn.info/revue-internationale-des-sciences-administratives-2005-3-page-567f?lang=fr&redirect-ssocas=7080 |
| 999 |
_c1588752 _d1588752 |
||